Players with most appearances in the Champions League (by country) - Statistics

General Stats
  • This quiz has been taken 51 times
  • The average score is 9 of 16
Answer Stats
Country # Answer % Correct
Portugal 139 Cristiano Ronaldo
100%
Sweden 123 Zlatan Ibrahimović
80%
Wales 151 Ryan Giggs
78%
Cote d'Ivoire 94 Didier Drogba
74%
Spain 168 Iker Casillas
70%
Argentina 113 Lionel Messi
67%
Italy 139 Paolo Maldini
67%
Ukraine 116 Andriy Shevchenko
57%
England 130 Paul Scholes
54%
Czechia 111 Petr Čech
48%
France 115 Thierry Henry
43%
Germany 112 Philipp Lahm
37%
Netherlands 131 Clarence Seedorf
30%
Brazil 128 Roberto Carlos
24%
Serbia 93 Dejan Stanković
15%
Norway 107 Roar Strand
9%
No matching quizzes found
Score Distribution
Percent of People with Each Score
Percentile by Number Answered
Your Score History
You have not taken this quiz